Pokemon starters / first partners - Statistics

General Stats
  • This quiz has been taken 7 times
  • The average score is 67 of 85
Answer Stats
Gen Answer % Correct
1 Blastoise
100%
1 Bulbasaur
100%
1 Charizard
100%
1 Charmander
100%
1 Charmeleon
100%
1 Ivysaur
100%
1 Pikachu
100%
1 Squirtle
100%
1 Venusaur
100%
1 Wartortle
100%
2 Bayleef
83%
3 Blaziken
83%
6 Chesnaught
83%
6 Chespin
83%
2 Chikorita
83%
4 Chimchar
83%
3 Combusken
83%
2 Croconaw
83%
2 Cyndaquil
83%
6 Delphox
83%
5 Dewott
83%
1 Eevee
83%
5 Emboar
83%
4 Empoleon
83%
6 Fennekin
83%
2 Feraligatr
83%
6 Froakie
83%
6 Greninja
83%
3 Grovyle
83%
7 Incineroar
83%
4 Infernape
83%
7 Litten
83%
3 Marshtomp
83%
2 Meganium
83%
9 Meowscarada
83%
4 Monferno
83%
3 Mudkip
83%
5 Oshawott
83%
5 Pignite
83%
4 Piplup
83%
7 Popplio
83%
7 Primarina
83%
4 Prinplup
83%
9 Quaxly
83%
9 Quaxwell
83%
2 Quilava
83%
7 Rowlet
83%
3 Sceptile
83%
5 Serperior
83%
5 Servine
83%
5 Snivy
83%
3 Swampert
83%
5 Tepig
83%
3 Torchic
83%
4 Torterra
83%
2 Totodile
83%
3 Treecko
83%
4 Turtwig
83%
2 Typhlosion
83%
6 Braixen
67%
8 Cinderace
67%
7 Dartrix
67%
7 Decidueye
67%
9 Floragato
67%
6 Frogadier
67%
9 Fuecoco
67%
4 Grotle
67%
8 Inteleon
67%
9 Quaquaval
67%
5 Samurott
67%
8 Scorbunny
67%
9 Skeledirge
67%
8 Sobble
67%
9 Sprigatito
67%
7 Torracat
67%
7 Brionne
50%
9 Crocalor
50%
8 Drizzile
50%
8 Grookey
50%
7 Meowth (Ula'ula Island in Alola)
50%
7 Poipole (Ultra Megalopolis)
50%
6 Quilladin
50%
8 Raboot
50%
8 Rillaboom
50%
8 Thwackey
50%
No matching quizzes found
Score Distribution
Percent of People with Each Score
Percentile by Number Answered
Your Score History
You have not taken this quiz